Probability, random variables, and stochastic processes (Record no. 169885)

MARC details
000 -LEADER
fixed length control field 00351nam a2200133Ia 4500
008 - FIXED-LENGTH DATA ELEMENTS--GENERAL INFORMATION
fixed length control field 231217s9999 xx 000 0 und d
041 ## - LANGUAGE CODE
Language code of text/sound track or separate title English
082 ## - DEWEY DECIMAL CLASSIFICATION NUMBER
Classification number 519.2 PAP
100 ## - MAIN ENTRY--PERSONAL NAME
Personal name Papoulis, Athanasios
245 #0 - TITLE STATEMENT
Title Probability, random variables, and stochastic processes
260 ## - PUBLICATION, DISTRIBUTION, ETC.
Date of publication, distribution, etc. 1965
Name of publisher, distributor, etc. Tokyo: McGraw-Hill,
300 ## - PHYSICAL DESCRIPTION
Extent 583
942 ## - ADDED ENTRY ELEMENTS (KOHA)
Koha item type Books
Holdings
Date last seen Total checkouts Full call number Accession number Price effective from Category Lost status Damaged status Department Withdrawn status Home library Current library Shelving location Entry date Grants Billdate Currency symbol Conversion rate Discount Old discount
26/01/2024   519.2 PAP 23863 26/01/2024 Books     EC   Central Library Central Library   05/12/2003 EC 26/05/2005 EURO 28    

© For any Suggestions or Query, please contact the library staff @ librarian@pes.edu or Phone: +9180 2672 1983/ 2108.